| 000 | 00845cab a22002175a 4500 | ||
|---|---|---|---|
| 001 | L155600 | ||
| 008 | 120329e20110317xxk 000 0 eng d | ||
| 035 | _a(Sirsi) u155600 | ||
| 041 | 0 | _aeng | |
| 100 | 1 | _aRicketts, Simon | |
| 245 | 0 | 0 | _aStation to station |
| 260 |
_aLondon _bEstates Gazette _c2012 |
||
| 490 |
_aEstates Gazette _v(1211) 17 March 2012, 88-89(2) |
||
| 520 | _aDetails of High Speed 2 (HS2) rail project which will intially connect London to Birmingham. Looks at the process of the hybrid bill for the construction and operation of HS2 and the other problems which could occur which include legal challenges and compensation claims. | ||
| 590 | _aKA | ||
| 690 |
_aCompulsory purchase _96228 |
||
| 690 |
_aPlanning and development _96259 |
||
| 690 |
_aInfrastructure _96246 |
||
| 700 | 1 | _aBischoff, Sarah | |
| 942 |
_n0 _2ddc |
||
| 999 |
_c83887 _d83887 |
||